| 000 | 00574nam a2200205Ia 4500 | ||
|---|---|---|---|
| 005 | 20260429112025.0 | ||
| 008 | 260429s9999||||xx |||||||||||||| ||und|| | ||
| 020 | _a9789811665080 | ||
| 041 | _aEnglish | ||
| 082 |
_a514.325 _bADH |
||
| 100 | _aAdhikari, Avishek | ||
| 245 | 0 |
_aBasic topology 1 : _bmetric spaces and general topology / _cAvishek Adhikari |
|
| 260 |
_aSingapore : _bSpringer, _c2022. |
||
| 300 | _axxviii, 501 p.; hb | ||
| 650 | _a Metric spaces | ||
| 650 | _a Topology | ||
| 650 | _aMathematics | ||
| 700 | _a Adhikari, Mahima Ranjan | ||
| 942 | _cTB | ||
| 999 |
_c51946 _d51946 |
||